000 01069nam a22002537a 4500
999 _c102377
_d102377
005 20181205112504.0
010 _a1617EN ENG-117585
020 _a9788185708560
_c1350.00
035 _aB-647518-523
035 _aEN-101117
035 _aB-666085
037 _adpl
_bVariety
037 _bDBAD/PUB
082 _a020
100 _aSudha Rani
245 _aHandbook of library and information science /
_cby Sudha Rani Y.
260 _aNew Delhi
_bSBW Pub.
_c2015
270 _a4831/24, Prahlad Gali, Ansari Road, Darya Ganj,
_bNew Delhi
_e110002
300 _aviii,340p.
_c25cm(Hb)
500 _aIncludes bibliographical references and index
942 _2ddc
_cEN
_mSUD
_h020